[Event "4. Open Ciudad de Tres Cantos 2012"]
[Site "Tres Cantos ESP"]
[Date "2012.06.25"]
[Round "5.20"]
[White "Sterling Carmona, Francisco"]
[Black "Hernandez Mateo, Borja"]
[Result "1-0"]
[WhiteElo "1916"]
[BlackElo "1719"]
[PlyCount "113"]
[EventDate "2012.06.21"]
[EventType "swiss"]
[EventRounds "9"]
[EventCountry "ESP"]
[Source "lmi"]
[SourceDate "2012.06.21"]

1. d4 d5 2. c4 e6 3. Nc3 Nf6 4. Bg5 Be7 5. e3 O-O 6. cxd5 exd5 7. Bd3 Nbd7 8.
Nge2 c6 9. O-O h6 10. Bh4 Re8 11. Qc2 Qc7 12. Bg3 Bd6 13. Nb5 cxb5 14. Qxc7
Bxc7 15. Bxc7 a6 16. Rac1 Nf8 17. Be5 Ne4 18. Rc2 f6 19. Bf4 Bf5 20. g4 Bxg4
21. f3 Bh3 22. Rfc1 Ng5 23. Kf2 Bd7 24. Ng1 Nfe6 25. Bg3 Nf7 26. Ne2 g5 27. Nc3
Bc6 28. a3 Kg7 29. Na2 a5 30. b4 axb4 31. axb4 Ra4 32. Rb2 Ra3 33. Nc3 Nf8 34.
Bf5 h5 35. h3 Nh6 36. Bd3 Rea8 37. Bxb5 Nf5 38. Bxc6 bxc6 39. b5 Nxg3 40. Kxg3
cxb5 41. Nxd5 Rb8 42. Rcb1 Ra5 43. Nc3 Ra3 44. Rb3 Rxb3 45. Rxb3 Rc8 46. Nxb5
Rc2 47. f4 h4+ 48. Kg4 Rg2+ 49. Kf5 g4 50. hxg4 h3 51. e4 h2 52. Rh3 Nd7 53.
Nc7 Nb6 54. Ne6+ Kf7 55. g5 Nc4 56. g6+ Kg8 57. g7 1-0

[Event "4. Open Ciudad de Tres Cantos 2012"]
[Site "Tres Cantos ESP"]
[Date "2012.06.25"]
[Round "5.21"]
[White "Lopez Ziegler, Carlos"]
[Black "Fernandez Muñoz, Emiliano"]
[Result "1/2-1/2"]
[WhiteElo "1913"]
[BlackElo "2050"]
[PlyCount "52"]
[EventDate "2012.06.21"]
[EventType "swiss"]
[EventRounds "9"]
[EventCountry "ESP"]
[Source "lmi"]
[SourceDate "2012.06.21"]

1. e4 Nc6 2. d4 d5 3. exd5 Qxd5 4. Nf3 e5 5. Nc3 Bb4 6. Bd2 Bxc3 7. Bxc3 exd4
8. Nxd4 Nxd4 9. Qxd4 Qxd4 10. Bxd4 f6 11. O-O-O Be6 12. Bb5+ Kf7 13. Rhe1 Nh6
14. f3 a6 15. Bd3 Nf5 16. Bf2 g6 17. g3 Rad8 18. Bc5 Nd6 19. b3 Rd7 20. Re2 Re8
21. Rde1 Bd5 22. Rxe8 Nxe8 23. Be4 Bxe4 24. Rxe4 Nd6 25. Rh4 Ke6 26. Bxd6 Kxd6
1/2-1/2

[Event "4. Open Ciudad de Tres Cantos 2012"]
[Site "Tres Cantos ESP"]
[Date "2012.06.25"]
[Round "5.22"]
[White "Sebastian Enesco, Alex"]
[Black "Pindado Campos, Raul"]
[Result "0-1"]
[WhiteElo "1806"]
[BlackElo "1908"]
[PlyCount "96"]
[EventDate "2012.06.21"]
[EventType "swiss"]
[EventRounds "9"]
[EventCountry "ESP"]
[Source "lmi"]
[SourceDate "2012.06.21"]

1. d4 Nf6 2. c4 g6 3. Nf3 Bg7 4. e3 d6 5. Nc3 O-O 6. Bd3 Nbd7 7. d5 c6 8. O-O
cxd5 9. cxd5 Nc5 10. h3 a6 11. Rb1 b5 12. b4 Nxd3 13. Qxd3 Bd7 14. Re1 Rc8 15.
Bb2 Rc7 16. Ne4 Nxe4 17. Bxg7 Kxg7 18. Qxe4 Rc4 19. Nd4 Kg8 20. Qh4 e5 21. Qxd8
Rxd8 22. Ne2 Bf5 23. Rb2 Rdc8 24. Ng3 Bd7 25. a3 Kf8 26. Ree2 Ke7 27. Red2 Rc3
28. Ra2 f5 29. Ne2 R3c4 30. Kh2 a5 31. bxa5 Ra8 32. f4 Rxa5 33. fxe5 dxe5 34.
Ng1 Rc3 35. Re2 Raxa3 36. Rxa3 Rxa3 37. e4 fxe4 38. Rxe4 Kd6 39. Nf3 Bf5 40.
Re1 Rxf3 41. gxf3 b4 42. Ra1 b3 43. Ra6+ Kxd5 44. Rb6 Kc4 45. Kg3 Kc3 46. Kf2
b2 47. Rc6+ Kd4 48. Rd6+ Kc5 0-1

[Event "4. Open Ciudad de Tres Cantos 2012"]
[Site "Tres Cantos ESP"]
[Date "2012.06.25"]
[Round "5.23"]
[White "Nuñez Miranda, Adrian"]
[Black "Fernandez Sanchez, Lorenzo"]
[Result "1-0"]
[WhiteElo "1902"]
[BlackElo "1851"]
[PlyCount "131"]
[EventDate "2012.06.21"]
[EventType "swiss"]
[EventRounds "9"]
[EventCountry "ESP"]
[Source "lmi"]
[SourceDate "2012.06.21"]

1. e4 e5 2. Bc4 Nf6 3. Qf3 Be7 4. d3 d6 5. h3 Nc6 6. Nc3 Nd4 7. Qd1 Be6 8. Bxe6
fxe6 9. Nge2 O-O 10. O-O h6 11. Nxd4 exd4 12. Ne2 e5 13. f4 Nh7 14. f5 Bh4 15.
g3 Be7 16. Kg2 d5 17. Ng1 dxe4 18. dxe4 Nf6 19. Nf3 Nxe4 20. Nxe5 Qd5 21. Ng6
Bd6 22. Nxf8 Nxg3+ 23. Qf3 Qc4 24. Ng6 Nxf1 25. Qxf1 Qxc2+ 26. Qf2 Qe4+ 27. Kg1
Bc5 28. Bd2 b6 29. b4 Bd6 30. Qg2 Qxg2+ 31. Kxg2 c5 32. bxc5 bxc5 33. Rc1 Rb8
34. Bf4 Rb2+ 35. Kf3 Bxf4 36. Kxf4 Rb5 37. Ke4 Kf7 38. Ne5+ Kf6 39. Rxc5 Rb2
40. Ng4+ Kg5 41. f6+ Kg6 42. fxg7 Kxg7 43. Rc7+ Kg6 44. Rxa7 h5 45. Ne5+ Kf6
46. Kxd4 Rh2 47. Ra6+ Kf5 48. a4 Rxh3 49. Nd3 h4 50. a5 Rh1 51. Ra8 Ra1 52. Nf2
Kf4 53. a6 Kg3 54. Ne4+ Kg2 55. a7 Ra4+ 56. Ke5 Ra5+ 57. Kf4 Kh3 58. Nf2+ Kh2
59. Ng4+ Kh3 60. Ne3 Kh2 61. Kf3 h3 62. Ng4+ Kh1 63. Rb8 Ra3+ 64. Ne3 Rxa7 65.
Rb1+ Kh2 66. Ng4# 1-0

[Event "4. Open Ciudad de Tres Cantos 2012"]
[Site "Tres Cantos ESP"]
[Date "2012.06.25"]
[Round "5.24"]
[White "Mauro Juarez, Benito"]
[Black "Campos Palacios, Daniel"]
[Result "0-1"]
[WhiteElo "1728"]
[BlackElo "1896"]
[PlyCount "56"]
[EventDate "2012.06.21"]
[EventType "swiss"]
[EventRounds "9"]
[EventCountry "ESP"]
[Source "lmi"]
[SourceDate "2012.06.21"]

1. b3 Nf6 2. Bb2 b6 3. e3 Bb7 4. Nf3 c5 5. Be2 g6 6. g4 h6 7. c4 Bg7 8. Qc2 d6
9. Rg1 Na6 10. a3 Nc7 11. g5 hxg5 12. Nxg5 Rh6 13. Nc3 e5 14. Bf3 Bxf3 15. Nxf3
Qd7 16. Ne4 Nxe4 17. Qxe4 O-O-O 18. Qg4 f5 19. Qg5 a6 20. Qg2 e4 21. Bxg7 Qxg7
22. Rb1 exf3 23. Qxf3 Qe7 24. Qg3 Qe4 25. Rb2 Qe5 26. Qg2 Qxb2 27. Qc6 Rh7 28.
Ke2 Qxb3 0-1

[Event "4. Open Ciudad de Tres Cantos 2012"]
[Site "Tres Cantos ESP"]
[Date "2012.06.25"]
[Round "5.25"]
[White "Martinez Miura, Enrique"]
[Black "Julian Serra, Rogelio"]
[Result "0-1"]
[WhiteElo "1724"]
[BlackElo "2057"]
[PlyCount "34"]
[EventDate "2012.06.21"]
[EventType "swiss"]
[EventRounds "9"]
[EventCountry "ESP"]
[Source "lmi"]
[SourceDate "2012.06.21"]

1. e4 d5 2. exd5 Nf6 3. c4 e6 4. dxe6 Bxe6 5. d4 Bb4+ 6. Nc3 Ne4 7. Qa4+ Nc6 8.
Nge2 Bxc4 9. f3 Bxe2 10. fxe4 Bxf1 11. Kxf1 Qxd4 12. Qc2 O-O 13. h4 Ne5 14. Rh3
Ng4 15. Nd5 f5 16. Nxb4 fxe4+ 17. Ke1 Qg1+ 0-1

[Event "4. Open Ciudad de Tres Cantos 2012"]
[Site "Tres Cantos ESP"]
[Date "2012.06.25"]
[Round "5.26"]
[White "Tolosana Esteban, Enrique"]
[Black "Santamaria Baeza, Adolfo"]
[Result "1-0"]
[WhiteElo "1718"]
[BlackElo "1934"]
[PlyCount "107"]
[EventDate "2012.06.21"]
[EventType "swiss"]
[EventRounds "9"]
[EventCountry "ESP"]
[Source "lmi"]
[SourceDate "2012.06.21"]

1. e4 e5 2. Nf3 Nc6 3. Bb5 Qf6 4. O-O Bc5 5. c3 Nge7 6. b4 Bb6 7. Bb2 O-O 8.
Na3 d6 9. Nc2 Ng6 10. Ne3 Nf4 11. d4 Ne7 12. c4 c6 13. Ba4 Neg6 14. c5 Bc7 15.
d5 Rd8 16. Qb3 dxc5 17. bxc5 Rb8 18. Qc4 b5 19. cxb6 Rxb6 20. Bc3 Ba6 21. Qc5
Bxf1 22. Rxf1 Ne2+ 23. Kh1 Bd6 24. Qc4 Nxc3 25. Qxc3 Bb4 26. Qc4 c5 27. Nf5 Nf4
28. Bb3 g6 29. Nh6+ Kg7 30. Ng4 Qe7 31. Ngxe5 Re8 32. g3 Nh3 33. a3 Bxa3 34.
Qc3 Qf6 35. Kg2 c4 36. Qxc4 Bd6 37. Nd7 Qd8 38. Nxb6 Nxf2 39. Rxf2 Qxb6 40. e5
Bxe5 41. Re2 f6 42. Nd4 Rb8 43. Ne6+ Kg8 44. Ba2 Bd6 45. Qc6 Qb4 46. Qd7 Bf8
47. d6 Kh8 48. Nxf8 Rxf8 49. Qe7 Qb8 50. Bd5 Qd8 51. Qxd8 Rxd8 52. Re6 a5 53.
Bc6 Kg7 54. d7 1-0

[Event "4. Open Ciudad de Tres Cantos 2012"]
[Site "Tres Cantos ESP"]
[Date "2012.06.25"]
[Round "5.27"]
[White "Garcia Hernandez, Javier"]
[Black "Saber, Salah"]
[Result "1/2-1/2"]
[WhiteElo "1713"]
[BlackElo "1929"]
[PlyCount "82"]
[EventDate "2012.06.21"]
[EventType "swiss"]
[EventRounds "9"]
[EventCountry "ESP"]
[Source "lmi"]
[SourceDate "2012.06.21"]

1. d4 d5 2. c4 c6 3. Nc3 Nf6 4. Nf3 e6 5. Bg5 Be7 6. e3 Nbd7 7. Bd3 a6 8. h3 h6
9. Bf4 b5 10. cxd5 exd5 11. O-O O-O 12. Rc1 Bb7 13. Bb1 Rc8 14. Ne5 c5 15. Nxd7
Qxd7 16. dxc5 Rxc5 17. Be5 Rfc8 18. Bd4 Rc4 19. Qf3 Qd6 20. Ne2 Ne4 21. Bxe4
dxe4 22. Qg4 Bf6 23. Bxf6 Qxf6 24. Rxc4 Rxc4 25. Nd4 Rc5 26. Qd7 Bc6 27. Qa7
Rg5 28. Qxa6 Rg6 29. Qc8+ Kh7 30. Qf5 Qxf5 31. Nxf5 Rf6 32. Nd4 Bd5 33. a3 Bc4
34. Ra1 Rb6 35. a4 bxa4 36. Rxa4 Bd3 37. b4 g6 38. b5 f5 39. Ra7+ Kg8 40. Ra6
Rxa6 41. bxa6 Bxa6 1/2-1/2

[Event "4. Open Ciudad de Tres Cantos 2012"]
[Site "Tres Cantos ESP"]
[Date "2012.06.25"]
[Round "5.28"]
[White "Romero Gomez, David"]
[Black "Ortega Morales, Pedro"]
[Result "0-1"]
[WhiteElo "1646"]
[BlackElo "1910"]
[PlyCount "70"]
[EventDate "2012.06.21"]
[EventType "swiss"]
[EventRounds "9"]
[EventCountry "ESP"]
[Source "lmi"]
[SourceDate "2012.06.21"]

1. d4 Nf6 2. c4 c5 3. d5 b5 4. cxb5 a6 5. bxa6 Bxa6 6. Nc3 g6 7. e4 Bxf1 8.
Kxf1 d6 9. Nf3 Nbd7 10. g3 Bg7 11. Kg2 Qb6 12. h3 O-O 13. Re1 Ne8 14. Qc2 Nc7
15. Nd2 Qa6 16. Nb3 Rfc8 17. Qe2 Rcb8 18. Qxa6 Rxa6 19. Nd2 Ne5 20. Re3 Nb5 21.
Nxb5 Rxb5 22. Rb3 Rxb3 23. Nxb3 Nd3 24. Bg5 Ra7 25. a4 Nxb2 26. Ra3 h6 27. Bc1
Nd3 28. Be3 Ne1+ 29. Kh2 Nc2 30. Ra2 Nb4 31. Rd2 Rxa4 32. Rd1 Nc2 33. Bd2 c4
34. Nc1 c3 35. Be1 Rxe4 0-1

[Event "4. Open Ciudad de Tres Cantos 2012"]
[Site "Tres Cantos ESP"]
[Date "2012.06.25"]
[Round "5.29"]
[White "Garcia De Quesada, Ignacio"]
[Black "Sorribes Calle, Pablo"]
[Result "1-0"]
[WhiteElo "1909"]
[BlackElo "1692"]
[PlyCount "135"]
[EventDate "2012.06.21"]
[EventType "swiss"]
[EventRounds "9"]
[EventCountry "ESP"]
[Source "lmi"]
[SourceDate "2012.06.21"]

1. d4 d5 2. c4 c6 3. Nf3 e6 4. Bf4 Nf6 5. e3 Nbd7 6. Nc3 Be7 7. Bd3 dxc4 8.
Bxc4 Nd5 9. Bg3 O-O 10. O-O b5 11. Bd3 b4 12. Nxd5 cxd5 13. Rc1 a5 14. Bc7 Qe8
15. Qe2 Bd8 16. Bd6 Be7 17. Bg3 Nf6 18. Bb5 Bd7 19. Bxd7 Nxd7 20. Rc7 Nb6 21.
b3 Nc8 22. Ne5 Bd6 23. Rc2 f6 24. Nd3 Bxg3 25. hxg3 Nd6 26. Nc5 Nb5 27. Nxe6
Nc3 28. Rxc3 Qxe6 29. Rc5 Rfc8 30. Rfc1 Rxc5 31. Rxc5 a4 32. Qc2 axb3 33. Qxb3
Ra3 34. Qxb4 Rxa2 35. Qb8+ Kf7 36. Qb7+ Kg6 37. Qxd5 Ra1+ 38. Kh2 Qxd5 39. Rxd5
Rf1 40. f3 h5 41. e4 Kh6 42. Rd6 Kg5 43. e5 fxe5 44. dxe5 Kf5 45. f4 Re1 46.
Ra6 Rc1 47. Ra8 Rf1 48. Rf8+ Kg6 49. e6 Re1 50. f5+ Kg5 51. Rf7 g6 52. fxg6
Kxg6 53. Re7 Kf6 54. Re8 Rxe6 55. Rxe6+ Kxe6 56. Kh3 Kf5 57. Kh4 Kg6 58. g4
hxg4 59. Kxg4 Kh6 60. Kf5 Kh7 61. Kg5 Kg7 62. g3 Kf7 63. Kh6 Kf6 64. g4 Kf7 65.
g5 Kg8 66. Kg6 Kh8 67. Kf7 Kh7 68. g6+ 1-0

[Event "4. Open Ciudad de Tres Cantos 2012"]
[Site "Tres Cantos ESP"]
[Date "2012.06.25"]
[Round "5.30"]
[White "Martin Garcia, Francisco Javier"]
[Black "Martin-Consuegra Barrilero, Javier"]
[Result "0-1"]
[WhiteElo "1612"]
[BlackElo "1880"]
[PlyCount "58"]
[EventDate "2012.06.21"]
[EventType "swiss"]
[EventRounds "9"]
[EventCountry "ESP"]
[Source "lmi"]
[SourceDate "2012.06.21"]

1. d4 d6 2. c4 Nf6 3. Nc3 c6 4. e4 Nbd7 5. Nf3 e5 6. g3 Be7 7. Bg2 O-O 8. O-O
Re8 9. Re1 Qc7 10. h3 a6 11. Be3 b5 12. cxb5 cxb5 13. Rc1 Qb8 14. a3 Nb6 15.
dxe5 dxe5 16. Bxb6 Qxb6 17. Nd5 Nxd5 18. exd5 Bc5 19. Rxe5 Bxf2+ 20. Kh2 Bd7
21. Rxe8+ Rxe8 22. Qc2 h6 23. b4 Rc8 24. Qb1 Qd6 25. Rxc8+ Bxc8 26. Qc2 Qxg3+
27. Kh1 Bxh3 28. Bxh3 Qxf3+ 29. Bg2 Qh5+ 0-1

[Event "4. Open Ciudad de Tres Cantos 2012"]
[Site "Tres Cantos ESP"]
[Date "2012.06.25"]
[Round "5.31"]
[White "Galan Aguado, Fernando"]
[Black "Sierra Bermejo, Gregorio"]
[Result "1/2-1/2"]
[WhiteElo "1839"]
[BlackElo "1663"]
[PlyCount "31"]
[EventDate "2012.06.21"]
[EventType "swiss"]
[EventRounds "9"]
[EventCountry "ESP"]
[Source "lmi"]
[SourceDate "2012.06.21"]

1. d4 e6 2. Nf3 f5 3. Bg5 Nf6 4. g3 Be7 5. Bg2 O-O 6. O-O d6 7. c3 Nc6 8. Nbd2
Qe8 9. Qb3 Nd5 10. Bxe7 Ncxe7 11. e3 h6 12. Ne1 Nf6 13. Nd3 d5 14. a4 Qh5 15.
a5 a6 16. Qd1 1/2-1/2

[Event "4. Open Ciudad de Tres Cantos 2012"]
[Site "Tres Cantos ESP"]
[Date "2012.06.25"]
[Round "5.32"]
[White "Salgado Duarte, Pablo"]
[Black "Gonzalez Mateo, Jose Luis"]
[Result "1-0"]
[WhiteElo "1565"]
[BlackElo "1827"]
[PlyCount "73"]
[EventDate "2012.06.21"]
[EventType "swiss"]
[EventRounds "9"]
[EventCountry "ESP"]
[Source "lmi"]
[SourceDate "2012.06.21"]

1. d4 g6 2. e4 Bg7 3. Nf3 c5 4. Be3 d6 5. c3 cxd4 6. Bxd4 Nf6 7. Nbd2 Nc6 8.
Bb5 Bd7 9. Be3 O-O 10. Bd3 d5 11. Qb3 dxe4 12. Bxe4 Nxe4 13. Nxe4 Qc7 14. Rd1
Be6 15. Qc2 Rfd8 16. O-O Bf5 17. Nfd2 Nb4 18. Qb3 Nd3 19. Ng3 Be6 20. Qc2 Rd7
21. Nf3 Rad8 22. Qb1 Bg4 23. Rd2 Bxf3 24. gxf3 Qc6 25. Rfd1 Ne5 26. Rxd7 Nxf3+
27. Kf1 Nxh2+ 28. Kg1 Nf3+ 29. Kf1 Rxd7 30. Rxd7 Qxd7 31. Ke2 Qg4 32. Kf1 Be5
33. Qd3 Bxg3 34. fxg3 Qxg3 35. Qd8+ Kg7 36. Qxe7 Qe5 37. Bd4 1-0

[Event "4. Open Ciudad de Tres Cantos 2012"]
[Site "Tres Cantos ESP"]
[Date "2012.06.25"]
[Round "5.33"]
[White "Zuazua Conde, Ivan Javier"]
[Black "Alvarez Gonzalez, Eduardo"]
[Result "1-0"]
[WhiteElo "1532"]
[BlackElo "1773"]
[PlyCount "53"]
[EventDate "2012.06.21"]
[EventType "swiss"]
[EventRounds "9"]
[EventCountry "ESP"]
[Source "lmi"]
[SourceDate "2012.06.21"]

1. d4 Nf6 2. c4 e6 3. Nc3 Bb4 4. Qc2 c5 5. Nf3 cxd4 6. Nxd4 O-O 7. Bg5 h6 8.
Bh4 b6 9. e3 Bb7 10. f3 Be7 11. Bd3 Na6 12. a3 Nc5 13. Be2 a5 14. O-O d5 15.
Rfd1 Qc8 16. cxd5 Nxd5 17. Nxd5 Bxh4 18. Nxb6 Qc7 19. Nxa8 Rxa8 20. b4 Na6 21.
Qxc7 Nxc7 22. Rdc1 Nd5 23. g3 Bf6 24. Kf2 Rd8 25. Rd1 Nxe3 26. Kxe3 Bxd4+ 27.
Rxd4 1-0

[Event "4. Open Ciudad de Tres Cantos 2012"]
[Site "Tres Cantos ESP"]
[Date "2012.06.25"]
[Round "5.35"]
[White "Casado Izquierdo, David"]
[Black "Gonzalez Marquez, Jorge"]
[Result "0-1"]
[WhiteElo "2115"]
[BlackElo "1721"]
[PlyCount "80"]
[EventDate "2012.06.21"]
[EventType "swiss"]
[EventRounds "9"]
[EventCountry "ESP"]
[Source "lmi"]
[SourceDate "2012.06.21"]

1. e4 c5 2. Nf3 d6 3. d4 cxd4 4. Nxd4 Nf6 5. Nc3 a6 6. Be2 e5 7. Nf5 Bxf5 8.
exf5 Nc6 9. Bg5 Be7 10. Qd2 Nd4 11. Bf3 Nxf3+ 12. gxf3 Rc8 13. h4 h6 14. Bxf6
Bxf6 15. Ne4 Rc6 16. Rd1 d5 17. Qb4 Qe7 18. Nxf6+ gxf6 19. Qb3 d4 20. Ke2 Qc7
21. Rd2 Rb6 22. Qa4+ Qd7 23. Qxd7+ Kxd7 24. c3 Ke7 25. cxd4 exd4 26. b3 Rd8 27.
Rc1 Rc6 28. Rxc6 bxc6 29. Kd3 c5 30. Re2+ Kd6 31. Re4 h5 32. Re1 Rg8 33. a3 Rg2
34. Re8 Rxf2 35. Rh8 Rxf3+ 36. Ke4 Rxb3 37. Rxh5 Re3+ 38. Kf4 Re8 39. Rh7 d3
40. Rg7 d2 0-1

[Event "4. Open Ciudad de Tres Cantos 2012"]
[Site "Tres Cantos ESP"]
[Date "2012.06.25"]
[Round "5.36"]
[White "Fernandez Rodriguez, Fernando J"]
[Black "Benitez Cadenas, Luis Miguel"]
[Result "1-0"]
[WhiteElo "1495"]
[BlackElo "1719"]
[PlyCount "69"]
[EventDate "2012.06.21"]
[EventType "swiss"]
[EventRounds "9"]
[EventCountry "ESP"]
[Source "lmi"]
[SourceDate "2012.06.21"]

1. e4 e6 2. d4 d5 3. exd5 exd5 4. Bd3 Nc6 5. Nf3 Bg4 6. c3 Bd6 7. h3 Bh5 8. O-O
Nge7 9. Be3 O-O 10. g4 Bg6 11. Nh4 a6 12. Nxg6 Nxg6 13. f4 Re8 14. Qd2 Qh4 15.
Rf3 Qe7 16. Na3 Bxa3 17. bxa3 Qxa3 18. f5 Nf8 19. Bf4 Qa5 20. h4 Nd8 21. h5 c5
22. dxc5 Qxc5+ 23. Be3 Qe7 24. Re1 Nd7 25. Bd4 Qh4 26. Kg2 Nc6 27. Bxg7 f6 28.
Bh6 Kh8 29. Rh3 Qxg4+ 30. Rg3 Qa4 31. Bg7+ Kg8 32. Bxf6+ Kf7 33. Rg7+ Kf8 34.
Qh6 Re2+ 35. Bxe2 1-0

[Event "4. Open Ciudad de Tres Cantos 2012"]
[Site "Tres Cantos ESP"]
[Date "2012.06.25"]
[Round "5.37"]
[White "Fernandez Gil, Ruben Carlos"]
[Black "Perez Vazquez, Manuel"]
[Result "1-0"]
[WhiteElo "1888"]
[BlackElo "1734"]
[PlyCount "95"]
[EventDate "2012.06.21"]
[EventType "swiss"]
[EventRounds "9"]
[EventCountry "ESP"]
[Source "lmi"]
[SourceDate "2012.06.21"]

1. e4 Nf6 2. e5 Nd5 3. c4 Nb6 4. d4 d6 5. exd6 cxd6 6. Nc3 g6 7. Be3 Bg7 8. Rc1
O-O 9. b3 e5 10. Be2 exd4 11. Bxd4 Bh6 12. Ra1 Nc6 13. Nf3 Nxd4 14. Nxd4 Qg5
15. O-O a6 16. Nf3 Qa5 17. Qxd6 Nd7 18. Nd5 Qc5 19. Qg3 Bg7 20. Rad1 a5 21. Nd2
Ra6 22. Ne4 Qa3 23. Rfe1 Nf6 24. Ndxf6+ Bxf6 25. Nxf6+ Rxf6 26. Rd2 Re6 27.
Red1 Rfe8 28. Bf1 a4 29. Qc7 axb3 30. axb3 R6e7 31. Qb6 Re6 32. Qb5 Qe7 33. g3
Kg7 34. Qd5 Re1 35. Rxe1 Qxe1 36. Qd4+ Kg8 37. Rd1 Qe7 38. Qd6 Bf5 39. Qxe7
Rxe7 40. Bd3 Bxd3 41. Rxd3 Re1+ 42. Kg2 Rb1 43. Kf3 Rb2 44. Ke3 Kf8 45. f4 Ke7
46. h4 h5 47. Kd4 Kd7 48. Kc3+ 1-0

[Event "4. Open Ciudad de Tres Cantos 2012"]
[Site "Tres Cantos ESP"]
[Date "2012.06.25"]
[Round "5.38"]
[White "Camarero Izquierdo, Juan Carlos"]
[Black "Bravo Dominguez, Eduardo"]
[Result "1-0"]
[WhiteElo "1890"]
[BlackElo "1596"]
[PlyCount "39"]
[EventDate "2012.06.21"]
[EventType "swiss"]
[EventRounds "9"]
[EventCountry "ESP"]
[Source "lmi"]
[SourceDate "2012.06.21"]

1. d4 d5 2. Nc3 c6 3. e4 dxe4 4. Nxe4 Nf6 5. f3 Nxe4 6. fxe4 e5 7. Nf3 exd4 8.
Bc4 Bb4+ 9. Bd2 Bxd2+ 10. Qxd2 c5 11. O-O-O O-O 12. Ng5 h6 13. Nxf7 Rxf7 14.
Rhf1 Qh4 15. Rxf7 Kh7 16. Kb1 Qxh2 17. e5 Qh5 18. Rf8 Bg4 19. Bg8+ Kg6 20. Bf7+
1-0

[Event "4. Open Ciudad de Tres Cantos 2012"]
[Site "Tres Cantos ESP"]
[Date "2012.06.25"]
[Round "5.40"]
[White "Lopez Perez, IÃ±igo"]
[Black "Rezola Gimenez, Gonzalo"]
[Result "1-0"]
[WhiteElo "1720"]
[BlackElo "1468"]
[PlyCount "73"]
[EventDate "2012.06.21"]
[EventType "swiss"]
[EventRounds "9"]
[EventCountry "ESP"]
[Source "lmi"]
[SourceDate "2012.06.21"]

1. b4 d5 2. Bb2 f6 3. e3 Bf5 4. Nf3 e5 5. b5 Bd6 6. c4 Ne7 7. Be2 a6 8. a4 c6
9. O-O Nd7 10. h3 Nb6 11. Qb3 Be6 12. d3 Bc5 13. a5 Nbc8 14. d4 e4 15. Nh2 Bd6
16. b6 Bxh2+ 17. Kxh2 Nd6 18. c5 Nf7 19. Nd2 Ng6 20. Nxe4 Qd7 21. Ng3 Nh4 22.
f4 Nxg2 23. f5 Nh4 24. fxe6 Qxe6 25. Bg4 Qe7 26. e4 h5 27. exd5 hxg4 28. Rae1
Nf3+ 29. Rxf3 Rxh3+ 30. Kg2 Qxe1 31. Re3+ Qxe3 32. Qxe3+ Kf8 33. dxc6 bxc6 34.
Qe4 Nd8 35. Qxg4 Rh8 36. Qd7 g6 37. d5 1-0

[Event "4. Open Ciudad de Tres Cantos 2012"]
[Site "Tres Cantos ESP"]
[Date "2012.06.25"]
[Round "5.41"]
[White "Rodriguez Gomez, Jose"]
[Black "Jimenez Perez, Federico"]
[Result "1-0"]
[WhiteElo "1708"]
[BlackElo "1282"]
[PlyCount "53"]
[EventDate "2012.06.21"]
[EventType "swiss"]
[EventRounds "9"]
[EventCountry "ESP"]
[Source "lmi"]
[SourceDate "2012.06.21"]

1. e4 e5 2. Nf3 Nc6 3. Bb5 a6 4. Ba4 Nf6 5. d3 Be7 6. O-O O-O 7. c3 b5 8. Bb3
Bb7 9. Re1 d5 10. exd5 Nxd5 11. Nxe5 Nxe5 12. Rxe5 c6 13. Nd2 Bd6 14. Re1 Nf4
15. Nf3 Nxd3 16. Re3 Nxf2 17. Kxf2 Bg3+ 18. hxg3 Qb6 19. Kf1 Rad8 20. Qe2 a5
21. Bd2 a4 22. Bc2 Ba6 23. Bd3 Rd6 24. Re1 g6 25. Re8 Rxd3 26. Rxf8+ Kxf8 27.
Bh6+ 1-0

[Event "4. Open Ciudad de Tres Cantos 2012"]
[Site "Tres Cantos ESP"]
[Date "2012.06.25"]
[Round "5.42"]
[White "Ballesteros Jimenez, Miguel A"]
[Black "Rodriguez Vellon, Jimena"]
[Result "1-0"]
[WhiteElo "1672"]
[BlackElo "1669"]
[PlyCount "63"]
[EventDate "2012.06.21"]
[EventType "swiss"]
[EventRounds "9"]
[EventCountry "ESP"]
[Source "lmi"]
[SourceDate "2012.06.21"]

1. e4 e5 2. Nf3 Nc6 3. d4 exd4 4. Bc4 Nf6 5. e5 Ng4 6. Qe2 Bc5 7. h3 Nh6 8.
Bxh6 gxh6 9. O-O Qe7 10. Nbd2 d6 11. exd6 Bxd6 12. Qxe7+ Nxe7 13. Nxd4 Bd7 14.
Rfe1 O-O-O 15. Bxf7 Rhf8 16. Be6 Kb8 17. N2f3 Rf6 18. Bxd7 Rxd7 19. Rad1 a6 20.
a3 Rf8 21. b4 Rg8 22. c4 Rdd8 23. c5 Bf4 24. Rxe7 Rh8 25. c6 Kc8 26. cxb7+ Kxb7
27. Rde1 Bd2 28. Nxd2 Rxd4 29. Nf3 Rdd8 30. Ne5 Rdf8 31. Rc1 Kb8 32. Nd7+ 1-0

[Event "4. Open Ciudad de Tres Cantos 2012"]
[Site "Tres Cantos ESP"]
[Date "2012.06.25"]
[Round "5.44"]
[White "Marni De La Cuesta, Antenore"]
[Black "De Torres Lopez, Javier"]
[Result "0-1"]
[WhiteElo "1664"]
[BlackElo "1627"]
[PlyCount "54"]
[EventDate "2012.06.21"]
[EventType "swiss"]
[EventRounds "9"]
[EventCountry "ESP"]
[Source "lmi"]
[SourceDate "2012.06.21"]

1. c4 c5 2. Nf3 Nf6 3. Nc3 Nc6 4. g3 g6 5. Bg2 Bg7 6. e3 d5 7. b3 O-O 8. d4 Ne4
9. Nxe4 dxe4 10. Ng5 cxd4 11. exd4 Qxd4 12. Qxd4 Bxd4 13. Rb1 Bc3+ 14. Bd2
Bxd2+ 15. Kxd2 Rd8+ 16. Kc2 Nb4+ 17. Kc3 Nxa2+ 18. Kc2 Nb4+ 19. Kc3 a5 20. Bxe4
f5 21. Bf3 Rd3+ 22. Kb2 h6 23. Be2 Rd2+ 24. Kc3 Rxe2 25. Nf3 Rxf2 26. Nd4 e5
27. Nb5 Rc2# 0-1

[Event "4. Open Ciudad de Tres Cantos 2012"]
[Site "Tres Cantos ESP"]
[Date "2012.06.25"]
[Round "5.46"]
[White "Anton Prado, Augusto"]
[Black "Muñoz Blazquez, Jose"]
[Result "1/2-1/2"]
[WhiteElo "1775"]
[BlackElo "1410"]
[PlyCount "126"]
[EventDate "2012.06.21"]
[EventType "swiss"]
[EventRounds "9"]
[EventCountry "ESP"]
[Source "lmi"]
[SourceDate "2012.06.21"]

1. e4 e5 2. Nf3 Nc6 3. Bb5 d6 4. d4 Bd7 5. d5 Nce7 6. Bxd7+ Qxd7 7. c4 c6 8.
Nc3 Ng6 9. O-O Be7 10. b4 Nf6 11. Re1 O-O 12. a4 Nh5 13. dxc6 bxc6 14. c5 Nhf4
15. Bxf4 Nxf4 16. Nxe5 Qc7 17. cxd6 Bxd6 18. Nd3 Nxd3 19. Qxd3 Rad8 20. Qh3
Bxb4 21. Rec1 Rd2 22. Nd5 Qb7 23. Nxb4 Qxb4 24. Rxc6 Qxe4 25. Rc8 g6 26. Rxf8+
Kxf8 27. Qc8+ Kg7 28. Qc3+ Qd4 29. Qxd4+ Rxd4 30. Kf1 Kf6 31. Ke2 Ke5 32. a5 a6
33. Ke3 Rb4 34. Ra2 Rb3+ 35. Kd2 Kd4 36. Ra4+ Kc5 37. Kc2 Rb4 38. Ra2 Kb5 39.
Kc3 Ra4 40. Rb2+ Kxa5 41. Rb7 Rf4 42. f3 Rf6 43. Kd4 h5 44. Ke5 Rf5+ 45. Ke4
Rf6 46. h4 Re6+ 47. Kf4 f5 48. g4 fxg4 49. fxg4 hxg4 50. Kxg4 Rb6 51. Re7 Ka4
52. Kg5 a5 53. Re4+ Rb4 54. Re6 Rb3 55. Kxg6 Ka3 56. h5 a4 57. h6 Rg3+ 58. Kf7
Rh3 59. Kg7 Kb3 60. h7 a3 61. Rb6+ Ka2 62. h8=Q Rxh8 63. Kxh8 Ka1 1/2-1/2